The rhetoric of the human sciences : language and argument in scholarship and public affairs

Αποθηκεύτηκε σε:
Λεπτομέρειες βιβλιογραφικής εγγραφής
Άλλοι συγγραφείς: Nelson, John S. (Επιμελητής έκδοσης), Megill, Allan (Επιμελητής έκδοσης), McCloskey, Deindre N. (Επιμελητής έκδοσης)
Μορφή: Βιβλίο
Γλώσσα:English
Δημοσίευση: Winsconsin : University of Wisconsin Press, c1987
Θέματα:
Ετικέτες: Προσθήκη ετικέτας
Δεν υπάρχουν, Καταχωρήστε ετικέτα πρώτοι!

MARC

LEADER 00000nam a2200000 i 4500
001 1/96619
008 941004s1987 eng d
020 |a 0-299-11024-9 
035 |l 10010251 
040 |a GR-MY-UA  |b gre  |e aacr 
041 0 |a eng 
082 0 |a 808 
245 1 4 |a The rhetoric of the human sciences :  |b language and argument in scholarship and public affairs /  |c Edited by John S. Nelson; Allan Megill; Donald N. McCloskey 
260 |a Winsconsin :   |b University of Wisconsin Press,   |c c1987 
300 |a 449 p. 
504 |a Includes bibliographical references and index 
650 0 0 |a Rhetoric. 
650 0 0 |a Learning and scholarship. 
650 0 0 |a Research. 
700 1 |a Nelson, John S.  |4 edt 
700 1 |a Megill, Allan.  |4 edt 
700 1 |a McCloskey, Deindre N.  |4 edt 
852 |a INST  |b LESVOS  |e 19941004  |h 808 RHE  |p 005100003578  |q 005100003578  |t BK  |y 0 
909 |a Λ  |b 036500